Advances in chemical engineering.

Bibliographic Details
Other Authors: Drew, Thomas Bradford, 1902- (Editor)
Format: Serial
Language:English
Published: New York : Academic Press, 1956-
Subjects:
Online Availability: Check for online availability

MARC

Tag First Indicator Second Indicator Subfields
LEADER 00000cas a22000001 4500
001 in00000040980
005 20190530111059.0
008 750720u1956uuuunyu x 0 a0eng d
020 |a 0120085267 
010 |a  56006600   |z  56006800  
019 |a 1081834 
022 0 |a 0065-2377  |2 1 
029 1 |a NLGGC  |b 042169704 
029 1 |a YDXCP  |b 2214276 
029 1 |a YDXCP  |b 2066657 
029 1 |a YDXCP  |b 1786094 
029 1 |a YDXCP  |b 1728938 
029 1 |a YDXCP  |b 1592097 
029 1 |a YDXCP  |b 1469474 
029 1 |a NZ1  |b 5016508 
030 |a ACHEAT 
035 |a (OCoLC)1461163  |z (OCoLC)1081834 
035 |a (OCoLC)ocm01461163 
040 |a MUL  |c MUL  |d SUL  |d HUL  |d NSD  |d DLC  |d SER  |d OCL  |d DLC  |d AIP  |d NSD  |d NST  |d NSD  |d NST  |d SYS  |d OCLCQ  |d NLGGC  |d LVB  |d UtOrBLW 
042 |a nsdp  |a lc 
049 |a TXAM 
050 0 0 |a TP145  |b .A4 
082 0 |a 660.28 
210 0 |a Adv. chem. eng. 
222 0 |a Advances in chemical engineering 
245 0 0 |a Advances in chemical engineering. 
264 1 |a New York :  |b Academic Press,  |c 1956- 
300 |a volumes :  |b illustrations, diagrams, tables. ;  |c 24 cm. 
336 |a text  |b txt  |2 rdacontent 
337 |a unmediated  |b n  |2 rdamedia 
338 |a volume  |b nc  |2 rdacarrier 
362 0 |a v. 1- 
510 2 |a Chemical abstracts  |x 0009-2258  |b 1956-1983 
500 |a Editors: volume 1- T.B. Drew, J.W. Hoopes, and others. 
650 0 |a Chemical engineering. 
650 1 7 |a Procestechnologie.  |2 gtt 
650 1 7 |a Chemische technologie.  |2 gtt 
650 6 |a Génie chimique  |v Périodiques. 
700 1 |a Drew, Thomas Bradford,  |d 1902-  |e editor. 
850 |a CSf  |a CaNBFU  |a DLC  |a NcD  |a PU 
891 0 0 |9 853  |8 1  |a v.  |i (year) 
891 4 0 |9 863  |8 1  |a <1>-  |i <1956>-  |x provisional 
945 |a PromptCat 
946 |a qatar 
947 |a Q14800158868  |b v.26 
949 |a updated-AC Qatar  |b h  |c 2008/7/16  |e rrojas/agreen 
994 |a 92  |b TXA 
999 |a MARS 
999 f f |s 91d465c5-ea57-3c4a-a37b-4806297830b1  |i 268a406d-1630-3927-8f60-c6d5fe391b6b  |t 0 
952 f f |p serial  |a Texas A&M University  |b College Station  |c Sterling C. Evans Library  |d Evans: Library Stacks  |t 0  |e TP145 .A4  |h Library of Congress classification  |i unmediated -- volume  |k v.29 c.2  |l 2004  |m A14833580141 
952 f f |p normal  |a Texas A&M University  |b College Station  |c Sterling C. Evans Library  |d Evans: Library Stacks  |t 0  |e TP145 .A4  |h Library of Congress classification  |i unmediated -- volume  |k v.4  |l 1963  |m A14807265608 
952 f f |p ric  |a Texas A&M University  |b Rellis Campus  |c Joint Library Facility  |d Remote Storage  |t 0  |e TP145 .A4  |h Library of Congress classification  |i unmediated -- volume  |k v.4  |l 1963  |m A14807267480 
952 f f |p ric  |a Texas A&M University  |b Rellis Campus  |c Joint Library Facility  |d Remote Storage  |t 0  |e TP145 .A4  |h Library of Congress classification  |i unmediated -- volume  |k v.16  |l 1991  |m A14815374704 
952 f f |p ric  |a Texas A&M University  |b Rellis Campus  |c Joint Library Facility  |d Remote Storage  |t 0  |e TP145 .A4  |h Library of Congress classification  |i unmediated -- volume  |k v.26  |l 2001  |m A14827208294 
952 f f |p ric  |a Texas A&M University  |b Rellis Campus  |c Joint Library Facility  |d Remote Storage  |t 0  |e TP145 .A4  |h Library of Congress classification  |i unmediated -- volume  |k v.11  |l 1981  |m A14807549874 
952 f f |p ric  |a Texas A&M University  |b Rellis Campus  |c Joint Library Facility  |d Remote Storage  |t 0  |e TP145 .A4  |h Library of Congress classification  |i unmediated -- volume  |k v.25  |l 1999  |m A14825311978 
952 f f |p ric  |a Texas A&M University  |b Rellis Campus  |c Joint Library Facility  |d Remote Storage  |t 0  |e TP145 .A4  |h Library of Congress classification  |i unmediated -- volume  |k v.28  |l 2001  |m A14828606990 
952 f f |p ric  |a Texas A&M University  |b Rellis Campus  |c Joint Library Facility  |d Remote Storage  |t 0  |e TP145 .A4  |h Library of Congress classification  |i unmediated -- volume  |k v.9  |l 1974  |m A14816165394 
952 f f |p normal  |a Texas A&M University  |b College Station  |c Sterling C. Evans Library  |d Evans: Library Stacks  |t 0  |e TP145 .A4  |h Library of Congress classification  |i unmediated -- volume  |k v.5  |l 1964  |m A14810778466 
952 f f |p normal  |a Texas A&M University  |b College Station  |c Sterling C. Evans Library  |d Evans: Library Stacks  |t 0  |e TP145 .A4  |h Library of Congress classification  |i unmediated -- volume  |k v.1  |l 1956  |m A14809496093 
952 f f |p ric  |a Texas A&M University  |b Rellis Campus  |c Joint Library Facility  |d Remote Storage  |t 0  |e TP145 .A4  |h Library of Congress classification  |i unmediated -- volume  |k v.29  |l 2004  |m A14831884808 
952 f f |p ric  |a Texas A&M University  |b Rellis Campus  |c Joint Library Facility  |d Remote Storage  |t 0  |e TP145 .A4  |h Library of Congress classification  |i unmediated -- volume  |k v.3  |l 1962  |m A14809233128 
952 f f |p ric  |a Texas A&M University  |b Rellis Campus  |c Joint Library Facility  |d Remote Storage  |t 0  |e TP145 .A4  |h Library of Congress classification  |i unmediated -- volume  |k v.21  |l 1995  |m A14819336180 
952 f f |p normal  |a Texas A&M University  |b College Station  |c Sterling C. Evans Library  |d Evans: Library Stacks  |t 0  |e TP145 .A4  |h Library of Congress classification  |i unmediated -- volume  |k v.3  |l 1962  |m A14816165344 
952 f f |p ric  |a Texas A&M University  |b Rellis Campus  |c Joint Library Facility  |d Remote Storage  |t 0  |e TP145 .A4  |h Library of Congress classification  |i unmediated -- volume  |k v.27  |l 2001  |m A14828607043 
952 f f |p ric  |a Texas A&M University  |b Rellis Campus  |c Joint Library Facility  |d Remote Storage  |t 0  |e TP145 .A4  |h Library of Congress classification  |i unmediated -- volume  |k v.10  |l 1978  |m A14808469695 
952 f f |p ric  |a Texas A&M University  |b Rellis Campus  |c Joint Library Facility  |d Remote Storage  |t 0  |e TP145 .A4  |h Library of Congress classification  |i unmediated -- volume  |k v.17  |l 1991  |m A14815374851 
952 f f |p ric  |a Texas A&M University  |b Rellis Campus  |c Joint Library Facility  |d Remote Storage  |t 0  |e TP145 .A4  |h Library of Congress classification  |i unmediated -- volume  |k v.19  |l 1994  |m A14818696935 
952 f f |p ric  |a Texas A&M University  |b Rellis Campus  |c Joint Library Facility  |d Remote Storage  |t 0  |e TP145 .A4  |h Library of Congress classification  |i unmediated -- volume  |k v.14  |l 1988  |m A14811296768 
952 f f |p ric  |a Texas A&M University  |b Rellis Campus  |c Joint Library Facility  |d Remote Storage  |t 0  |e TP145 .A4  |h Library of Congress classification  |i unmediated -- volume  |k v.8  |l 1970  |m A14807728389 
952 f f |p ric  |a Texas A&M University  |b Rellis Campus  |c Joint Library Facility  |d Remote Storage  |t 0  |e TP145 .A4  |h Library of Congress classification  |i unmediated -- volume  |k v.1  |l 1956  |m A14809491360 
952 f f |p ric  |a Texas A&M University  |b Rellis Campus  |c Joint Library Facility  |d Remote Storage  |t 0  |e TP145 .A4  |h Library of Congress classification  |i unmediated -- volume  |k v.15  |l 1990  |m A14812231567 
952 f f |p ric  |a Texas A&M University  |b Rellis Campus  |c Joint Library Facility  |d Remote Storage  |t 0  |e TP145 .A4  |h Library of Congress classification  |i unmediated -- volume  |k v.22  |l 1995  |m A14819336130 
952 f f |p ric  |a Texas A&M University  |b Rellis Campus  |c Joint Library Facility  |d Remote Storage  |t 0  |e TP145 .A4  |h Library of Congress classification  |i unmediated -- volume  |k v.2  |l 1958  |m A14806429110 
952 f f |p ric  |a Texas A&M University  |b Rellis Campus  |c Joint Library Facility  |d Remote Storage  |t 0  |e TP145 .A4  |h Library of Congress classification  |i unmediated -- volume  |k v.13  |l 1987  |m A14810967811 
952 f f |p ric  |a Texas A&M University  |b Rellis Campus  |c Joint Library Facility  |d Remote Storage  |t 0  |e TP145 .A4  |h Library of Congress classification  |i unmediated -- volume  |k v.18  |l 1992  |m A14852731513 
952 f f |p ric  |a Texas A&M University  |b Rellis Campus  |c Joint Library Facility  |d Remote Storage  |t 0  |e TP145 .A4  |h Library of Congress classification  |i unmediated -- volume  |k v.5  |l 1964  |m A14808195505 
952 f f |p ric  |a Texas A&M University  |b Rellis Campus  |c Joint Library Facility  |d Remote Storage  |t 0  |e TP145 .A4  |h Library of Congress classification  |i unmediated -- volume  |k v 6  |l 1966  |m A14809097182 
952 f f |p ric  |a Texas A&M University  |b Rellis Campus  |c Joint Library Facility  |d Remote Storage  |t 0  |e TP145 .A4  |h Library of Congress classification  |i unmediated -- volume  |k v.7  |l 1968  |m A14809488464 
952 f f |p ric  |a Texas A&M University  |b Rellis Campus  |c Joint Library Facility  |d Remote Storage  |t 0  |e TP145 .A4  |h Library of Congress classification  |i unmediated -- volume  |k v.12  |l 1983  |m A14807774160 
952 f f |p normal  |a Texas A&M University  |b College Station  |c Sterling C. Evans Library  |d Evans: Library Stacks  |t 0  |e TP145 .A4  |h Library of Congress classification  |i unmediated -- volume  |k v.2  |l 1958  |m A14816642134 
952 f f |p normal  |a Texas A&M University  |b College Station  |c Sterling C. Evans Library  |d Evans: Library Stacks  |t 0  |e TP145 .A4  |h Library of Congress classification  |i unmediated -- volume  |k v.3  |l 1962  |m A14810771228 
952 f f |p ric  |a Texas A&M University  |b Rellis Campus  |c Joint Library Facility  |d Remote Storage  |t 0  |e TP145 .A4  |h Library of Congress classification  |i unmediated -- volume  |k v.23  |l 1996  |m A14819810362 
952 f f |p ric  |a Texas A&M University  |b Rellis Campus  |c Joint Library Facility  |d Remote Storage  |t 0  |e TP145 .A4  |h Library of Congress classification  |i unmediated -- volume  |k v.20  |l 1994  |m A14818516680 
952 f f |p ric  |a Texas A&M University  |b Rellis Campus  |c Joint Library Facility  |d Remote Storage  |t 0  |e TP145 .A4  |h Library of Congress classification  |i unmediated -- volume  |k v.24  |l 1998  |m A14823457370 
998 f f |a TP145 .A4  |s v.29 (2004)  |t 0  |l Evans: Library Stacks 
998 f f |a TP145 .A4  |s v.3 (1962)  |t 0  |l Evans: Library Stacks 
998 f f |a TP145 .A4  |s v.1-29 (1956-2004)  |t 0  |l Remote Storage